| 000 | 03507nam a22003977a 4500 | ||
|---|---|---|---|
| 005 | 2010101908158.0 | ||
| 008 | 101019t xxu||||| |||| 00| 0 hin d | ||
| 010 | _aHIN-90896 B-440113-122 | ||
| 020 |
_a8180730646 _c225.00 |
||
| 035 | _aHN-63242 B-440113-122 | ||
| 037 | _bDBAD / PUB | ||
| 037 | _bRBC | ||
| 040 |
_aDPL _bHN |
||
| 082 | _a822 | ||
| 100 |
_923632 _aदत्त, विशाख |
||
| 245 |
_aमुद्राराक्षस / _cविशाख दत्त ;भारतेन्दु हरिश्चन्द्र द्वारा अनुदित |
||
| 246 |
_aMudra Rakshak _bby Bharatendu Harishchandra |
||
| 260 |
_aदिल्ली _bनालंदा प्रकाशन _c2010 |
||
| 270 |
_a29/502, ईस्ट एण्ड अपार्टमैट्स, मयूर विहार एक्सटेंशन, फेस-1 _bदिल्ली _e110096 _k22742291 |
||
| 300 |
_a133पृ. _c22सेमी (सजिल्द) |
||
| 650 |
_9657 _aहिन्दी नाटक |
||
| 700 |
_923660 _aभारतेन्दु हरिश्चन्द्र |
||
| 942 |
_2ddc _cHN _h822 _mदत्तवि |
||
| 999 |
_c48454 _d48454 |
||